Steden en Dorpen van Nederland - Statistieken

Algemene statistieken
  • Deze quiz is 878 keer genomen
  • De gemiddelde score is 187 van 2499
Antwoordstatistieken
Gemeente Kern % Correct
Amsterdam Amsterdam
71%
Terschelling Hee
69%
Rotterdam Rotterdam
67%
Utrecht Utrecht
65%
Groningen Groningen
63%
Waadhoeke Boer
61%
's-Hertogenbosch Den Bosch
61%
Assen Assen
60%
Eindhoven Eindhoven
60%
Den Haag Den Haag
59%
Hellendoorn | Tubbergen Haarle
58%
Lelystad Lelystad
57%
Almere Almere
56%
Arnhem Arnhem
56%
Leeuwarden Leeuwarden
56%
Nijmegen Nijmegen
56%
Zwolle Zwolle
56%
Maastricht Maastricht
55%
Middelburg Middelburg
54%
Tilburg Tilburg
54%
Den Helder Den Helder
52%
Noardeast-Fryslân Ee
52%
Emmen Emmen
52%
Alkmaar Alkmaar
51%
Almelo Almelo
51%
Bergen Li | Bergen NH Bergen
51%
Breda Breda
50%
Ede Ede
50%
Noordoostpolder Ens
50%
Venlo Venlo
50%
Apeldoorn Apeldoorn
48%
Noordenveld Een-West
48%
Altena Veen
48%
Bronckhorst | Hengelo Hengelo
47%
Bronckhorst Rha
47%
Vlissingen Vlissingen
47%
Leiden Leiden
46%
De Friese Meren Rijs
46%
Amersfoort Amersfoort
45%
Deventer Deventer
45%
Enschede Enschede
45%
Hilversum Hilversum
45%
Oss Oss
45%
Delft Delft
44%
Gouda Gouda
44%
Alphen-Chaam | West Maas en Waal Alphen
43%
Dordrecht Dordrecht
43%
Heerenveen Heerenveen
43%
Stein Stein
43%
Urk Urk
43%
Edam-Volendam Volendam
43%
Amstelveen Amstelveen
42%
Goes Goes
42%
Katwijk | Land van Cuijk Katwijk
42%
Roosendaal Heerle
41%
Sittard-Geleen Sittard
41%
Venray Venray
41%
Zaanstad Zaandam
41%
De Wolden De Wijk
40%
Haarlem Haarlem
40%
Kampen Kampen
40%
Roermond Roermond
40%
Roosendaal Roosendaal
40%
Súdwest-Fryslân Sneek
40%
Katwijk | Valkenburg aan de Geul Valkenburg
40%
Wageningen Wageningen
40%
Eemsdelta Delfzijl
39%
Texel De Waal
39%
Tiel Tiel
39%
Baarn Baarn
38%
Oisterwijk Haaren
38%
Hoorn | Terschelling Hoorn
38%
Molenlanden Waal
38%
Dronten Dronten
37%
Enkhuizen Enkhuizen
37%
Helmond Helmond
37%
Huizen Huizen
37%
Velsen Ijmuiden
37%
Terneuzen Terneuzen
37%
Assen Rhee
36%
Zandvoort Zandvoort
36%
Bergen op Zoom Bergen op Zoom
35%
Noordoostpolder Emmeloord
35%
Boxtel Esch
35%
Sittard-Geleen Geleen
35%
Harderwijk Harderwijk
35%
Terneuzen Hoek
35%
Laren | Lochem Laren
35%
Zutphen Zutphen
35%
Bronckhorst Baak
34%
Harlingen Harlingen
34%
Kapelle Kapelle
34%
Nunspeet Nunspeet
34%
Rijssen-Holten Rijssen
34%
Soest Soest
34%
Land van Cuijk Cuijk
33%
Duiven Duiven
33%
Gorinchem Gorinchem
33%
Duiven | Lingewaard Loo *
33%
Olst-Wijhe Olst
33%
Schiedam Schiedam
33%
Zeewolde Zeewolde
33%
Zeist Zeist
33%
Doetinchem Doetinchem
32%
Smallingerland Drachten
32%
Epe Epe
32%
Oude IJsselstreek Etten
32%
Groningen | Oss Haren
32%
Dijk en Waard Heerhugowaard
32%
Leidschendam-Voorburg Leidschendam
32%
Steenwijkerland Steenwijk
32%
Maashorst Uden
32%
Waalwijk Waalwijk
32%
Gooise Meren Bussum
31%
Echt-Susteren Echt
31%
Coevorden Erm
31%
Hoogeveen Hoogeveen
31%
Veendam Veendam
31%
Woerden Woerden
31%
Beek | Berg en Dal | Montferland Beek
30%
Beverwijk Beverwijk
30%
Hardenberg De Krim
30%
Loon op Zand De Moer
30%
Noardeast-Fryslân Dokkum
30%
Ermelo Ermelo
30%
Hardenberg Hardenberg
30%
Heerlen Heerlen
30%
Rijssen-Holten Holten
30%
Haarlemmermeer Hoofddorp
30%
Meppel Meppel
30%
Gooise Meren Naarden
30%
Ommen Ommen
30%
Oosterhout | Overbetuwe Oosterhout
30%
Edam-Volendam | Waterland Purmer *
30%
Woensdrecht Putte
30%
Weert Weert
30%
Zoetermeer Zoetermeer
30%
Aalten Aalten
29%
Barneveld Barneveld
29%
Best Best
29%
Bloemendaal Bloemendaal
29%
Bodegraven-Reeuwijk Bodegraven
29%
Borger-Odoorn Borger
29%
Geldrop-Mierlo Geldrop
29%
Gilze en Rijen Gilze
29%
Nieuwegein Nieuwegein
29%
Noordwijk | Westerkwartier Noordwijk
29%
Pijnacker-Nootdorp Nootdorp
29%
Pijnacker-Nootdorp Pijnacker
29%
Eemsdelta | West Betuwe | Zevenaar Spijk
29%
Olst-Wijhe Wijhe
29%
Schouwen-Duiveland Zierikzee
29%
Edam-Volendam Edam
28%
Horst aan de Maas Horst
28%
Houten Houten
28%
Geldrop-Mierlo Mierlo
28%
Nuenen, Gerwen en Nederwetten Nuenen
28%
Purmerend Purmerend
28%
Raalte Raalte
28%
Staphorst Staphorst
28%
Veenendaal Veenendaal
28%
Wijchen Wijchen
28%
Aalsmeer Aalsmeer
27%
Barendrecht Barendrecht
27%
Rheden Dieren
27%
Overbetuwe | Rhenen Elst
27%
Lisse Lisse
27%
Mook en Middelaar Mook
27%
Rhenen Rhenen
27%
Gilze en Rijen Rijen
27%
Stadskanaal Stadskanaal
27%
Winterswijk Winterswijk
27%
Zevenaar Zevenaar
27%
Sittard-Geleen Born
26%
Diemen Diemen
26%
Gemert-Bakel Gemert
26%
Nijkerk Nijkerk
26%
Sliedrecht Sliedrecht
26%
Wassenaar Wassenaar
26%
Dronten Biddinghuizen
25%
Boxtel Boxtel
25%
Dalfsen Dalfsen
25%
De Bilt De Bilt
25%
Etten-Leur Etten-Leur
25%
Gulpen-Wittem Gulpen
25%
Heeze-Leende Heeze
25%
Rotterdam Hoek van Holland
25%
IJsselstein IJsselstein
25%
Loon op Zand Kaatsheuvel
25%
Kerkrade Kerkrade
25%
Vijfheerenlanden Leerdam
25%
Papendrecht Papendrecht
25%
Westerwolde Ter Apel
25%
Buren Asch
24%
Gemert-Bakel Bakel
24%
Culemborg Culemborg
24%
Utrechtse Heuvelrug Doorn
24%
Eijsden-Margraten Eijsden
24%
Nissewaard Spijkenisse
24%
Echt-Susteren Susteren
24%
Zaltbommel Zaltbommel
24%
De Ronde Venen Abcoude
23%
Castricum Castricum
23%
Hattem Hattem
23%
Stichtse Vecht Maarssen
23%
Maassluis Maassluis
23%
Altena | Buren | Rijswijk Rijswijk
23%
Meierijstad Veghel
23%
Leidschendam-Voorburg Voorburg
23%
Waadhoeke Wier
23%
Horst aan de Maas America
22%
Blaricum Blaricum
22%
Land van Cuijk Boxmeer
22%
De Friese Meren Broek
22%
Ameland | Buren Buren
22%
Waadhoeke Franeker
22%
De Friese Meren Joure
22%
Oldenzaal Oldenzaal
22%
Land van Cuijk | Vijfheerenlanden Vianen
22%
Vlaardingen Vlaardingen
22%
Vught Vught
22%
Wormerland Wormer
22%
Beuningen | Losser Beuningen
21%
Elburg Elburg
21%
West Betuwe Geldermalsen
21%
Heemskerk Heemskerk
21%
Leiderdorp Leiderdorp
21%
Losser Losser
21%
Westland Naaldwijk
21%
Bodegraven-Reeuwijk Reeuwijk
21%
Reusel-De Mierden Reusel
21%
Schiermonnikoog Schiermonnikoog
21%
Súdwest-Fryslân Stavoren
21%
Vaals Vaals
21%
Veldhoven Veldhoven
21%
Land van Cuijk | Rheden Velp
21%
Waddinxveen Waddinxveen
21%
Zwijndrecht Zwijndrecht
21%
Alblasserdam Alblasserdam
20%
Baarle-Nassau Baarle-Nassau
20%
Boekel Boekel
20%
Borne Borne
20%
Borsele Borssele
20%
Weststellingwerf De Hoeve
20%
Texel De Koog
20%
Texel Den Burg
20%
Deurne Deurne
20%
Eersel Eersel
20%
Nunspeet Elspeet
20%
Heemstede Heemstede
20%
Hellendoorn Hellendoorn
20%
Heeze-Leende Leende
20%
Eijsden-Margraten Margraten
20%
Land van Cuijk Mill
20%
Moerdijk Moerdijk
20%
Westland Monster
20%
Hellendoorn Nijverdal
20%
Oisterwijk Oisterwijk
20%
Putten Putten
20%
Rheden Rheden
20%
's-Hertogenbosch Rosmalen
20%
Schagen Schagen
20%
Valkenswaard Valkenswaard
20%
Wijk bij Duurstede Wijk bij Duurstede
20%
Gulpen-Wittem Wittem
20%
Tynaarlo Zuidlaren
20%
Eemsdelta Appingedam
19%
Bunnik Bunnik
19%
Druten Druten
19%
Hof van Twente Goor
19%
Land van Cuijk Grave
19%
Hendrik-Ido-Ambacht Hendrik-Ido-Ambacht
19%
Hulst Hulst
19%
Leusden Leusden
19%
Lopik Lopik
19%
Mook en Middelaar Middelaar
19%
Haarlemmermeer Nieuw-Vennep
19%
Borger-Odoorn Odoorn
19%
Ridderkerk Ridderkerk
19%
Rozendaal Rozendaal
19%
Tholen Tholen
19%
Vlieland Vlieland
19%
Oldambt Winschoten
19%
Woensdrecht Woensdrecht
19%
Weststellingwerf Wolvega
19%
Maashorst Zeeland
19%
De Friese Meren Balk
18%
Midden-Drenthe Beilen
18%
De Bilt Bilthoven
18%
Stichtse Vecht Breukelen
18%
Heusden Drunen
18%
Ouder-Amstel Duivendrecht
18%
Steenwijkerland Giethoorn
18%
Hillegom Hillegom
18%
Kaag en Braassem Kaag
18%
Westerkwartier Leek
18%
Noordenveld Roden
18%
Waadhoeke Sexbierum
18%
Sluis Sluis
18%
Uithoorn Uithoorn
18%
Zaanstad Wormerveer
18%
Alphen-Chaam Chaam
17%
Veere Domburg
17%
Dongen Dongen
17%
Bergen NH Egmond aan Zee
17%
Wierden Enter
17%
Goirle Goirle
17%
Oost Gelre Groenlo
17%
Heerde Heerde
17%
Midden-Groningen Hoogezand
17%
Emmen Klazienaveen
17%
Lochem Lochem
17%
Assen Loon
17%
Waterland Monnickendam
17%
Gooise Meren Muiden
17%
Oirschot Oirschot
17%
Haarlemmermeer Schiphol
17%
Wierden Wierden
17%
Hollands Kroon Anna Paulowna
16%
Asten Asten
16%
Lingewaard Bemmel
16%
Berg en Dal Berg en Dal
16%
Brunssum Brunssum
16%
Montferland Didam
16%
Aa en Hunze Gieten
16%
Asten | Heusden Heusden
16%
Kampen Ijsselmuiden
16%
Landgraaf Landgraaf
16%
Het Hogeland Lauwersoog
16%
Ameland | Heerenveen | Noardeast-Fryslân Nes
16%
Pekela Oude Pekela
16%
Voorst Twello
16%
Veere Veere
16%
Súdwest-Fryslân Bolsward
15%
Voorne aan Zee Brielle
15%
Brummen Brummen
15%
Coevorden Coevorden
15%
Coevorden Dalen
15%
Doesburg Doesburg
15%
Tynaarlo Eelde
15%
Berg en Dal Groesbeek
15%
Haaksbergen Haaksbergen
15%
Hardinxveld-Giessendam Hardinxveld-Giessendam
15%
Zwartewaterland Hasselt
15%
Heiloo Heiloo
15%
Nijkerk Hoevelaken
15%
Lingewaard Huissen
15%
Krimpen aan den IJssel Krimpen aan den IJssel
15%
De Friese Meren Lemmer
15%
Wijchen Leur
15%
Ede Lunteren
15%
Medemblik Medemblik
15%
Meierijstad Schijndel
15%
Hardenberg Slagharen
15%
Elburg 't Harde
15%
Uitgeest Uitgeest
15%
Twenterand Vriezenveen
15%
Reimerswaal Waarde
15%
Oldebroek Wezep
15%
Westerkwartier | Zuidplas Zevenhuizen
15%
Veere Zoutelande
15%
Zundert Zundert
15%
Alphen aan den Rijn Alphen aan den Rijn
14%
Zaanstad Assendelft
14%
Ede Bennekom
14%
Bladel Bladel
14%
Bunschoten Bunschoten-Spakenburg
14%
Capelle aan den IJssel Capelle aan den IJssel
14%
Castricum De Woude
14%
Zwartewaterland Genemuiden
14%
Raalte Heino
14%
Voorne aan Zee Hellevoetsluis
14%
Drechterland Hem
14%
Hilvarenbeek Hilvarenbeek
14%
Súdwest-Fryslân Hindeloopen
14%
Apeldoorn | Ede Hoenderloo *
14%
Den Helder Julianadorp
14%
Neder-Betuwe Kesteren
14%
Nijmegen Lent
14%
Hof van Twente Markelo
14%
Emmen Nieuw-Amsterdam
14%
Oegstgeest Oegstgeest
14%
Oldebroek | Ooststellingwerf Oosterwolde
14%
Rucphen Rucphen
14%
Krimpenerwaard Schoonhoven
14%
Sint-Michielsgestel Sint-Michielsgestel
14%
Someren Someren
14%
Noordenveld | Steenbergen Steenbergen
14%
Tubbergen Tubbergen
14%
Waalre Waalre
14%
Het Hogeland | Waadhoeke Winsum
14%
Reimerswaal Yerseke
14%
De Wolden | Het Hogeland Zuidwolde
14%
Zaltbommel Aalst
13%
Ooststellingwerf Appelscha
13%
West Betuwe Beesd
13%
Cranendonck Budel
13%
Hardenberg Dedemsvaart
13%
Westland De Lier
13%
Losser De Lutte
13%
Westerveld Dwingeloo
13%
Apeldoorn Loenen
13%
Loon op Zand Loon op Zand
13%
Súdwest-Fryslân Makkum
13%
Nederweert Nederweert
13%
Schouwen-Duiveland Nieuwerkerk
13%
Dalfsen Nieuwleusen
13%
Borsele Nisse
13%
Oldebroek Oldebroek
13%
Goeree-Overflakkee Ouddorp
13%
Geertruidenberg Raamsdonk
13%
Schouwen-Duiveland Renesse
13%
Aa en Hunze Rolde
13%
Scherpenzeel | Weststellingwerf Scherpenzeel
13%
Horst aan de Maas Sevenum
13%
De Friese Meren Sloten
13%
Soest Soesterberg
13%
Son en Breugel Son en Breugel
13%
Utrecht Vleuten
13%
Heusden Vlijmen
13%
Voorschoten Voorschoten
13%
Midden-Drenthe Westerbork
13%
Súdwest-Fryslân Workum
13%
Moerdijk Zevenbergen
13%
Bloemendaal Aerdenhout
12%
Bergen Li | Druten Afferden
12%
Vijfheerenlanden Ameide
12%
Aa en Hunze Annen
12%
Venlo Arcen
12%
Bergen NH Bergen aan Zee
12%
Lansingerland Berkel en Rodenrijs
12%
Zeist Den Dolder
12%
Het Hogeland Eemshaven
12%
Noordenveld Een
12%
Gennep Gennep
12%
Hardenberg Gramsbergen
12%
Oost Gelre Lichtenvoorde
12%
Buren | Land van Cuijk Lienden
12%
Wijdemeren Loosdrecht
12%
Utrechtse Heuvelrug Maarn
12%
Waterland Marken
12%
Meerssen Meerssen
12%
Leudal Neer
12%
Pekela Nieuwe Pekela
12%
Hoeksche Waard Oud-Beijerland
12%
Tynaarlo Tynaarlo
12%
Epe Vaassen
12%
Velsen Velsen-Zuid
12%
Altena Werkendam
12%
Westervoort Westervoort
12%
Woudenberg Woudenberg
12%
Hoorn Zwaag
12%
Utrechtse Heuvelrug Amerongen
11%
Het Hogeland Bedum
11%
Bergeijk Bergeijk
11%
Zaltbommel Bern
11%
Alphen aan den Rijn Boskoop
11%
Sluis Cadzand
11%
Westerveld Diever
11%
Neder-Betuwe Dodewaard
11%
Overbetuwe Driel
11%
Súdwest-Fryslân Gaast
11%
Altena Giessen
11%
Bergen op Zoom Halsteren
11%
Land van Cuijk Haps
11%
Rotterdam Hoogvliet
11%
Súdwest-Fryslân Ijlst
11%
Krimpenerwaard Krimpen aan de Lek
11%
Krimpenerwaard Lekkerkerk
11%
Ommen Lemele
11%
Heumen Malden
11%
De Ronde Venen Mijdrecht
11%
Zuidplas Moordrecht
11%
Gooise Meren Muiderberg
11%
Noordwijk Noordwijkerhout
11%
Neder-Betuwe Opheusden
11%
Land van Cuijk Overloon
11%
Het Hogeland Pieterburen
11%
Oss Ravenstein
11%
Albrandswaard Rhoon
11%
Teylingen Sassenheim
11%
Schagen Sint Maarten
11%
Meierijstad Sint-Oedenrode
11%
Velsen Velsen-Noord
11%
De Ronde Venen Vinkeveen
11%
Waalwijk Waspik
11%
Beverwijk Wijk aan Zee
11%
Moerdijk Willemstad
11%
Maasdriel Alem
10%
Altena Andel
10%
Deventer Bathmen
10%
Laarbeek Beek en Donk
10%
Berkelland Borculo
10%
Sluis Breskens
10%
Bronckhorst Bronkhorst
10%
Schagen Callantsoog
10%
Twenterand | Westerkwartier Den Ham
10%
Midden-Delfland | Texel Den Hoorn
10%
Hollands Kroon Den Oever
10%
Aalten Dinxperlo
10%
Eemnes Eemnes
10%
Berkelland Eibergen
10%
Meierijstad Erp
10%
Borger-Odoorn Exloo
10%
Barneveld Garderen
10%
Land van Cuijk Gassel
10%
Brummen Hall
10%
Woerden Harmelen
10%
Bernheze Heesch
10%
Heumen Heumen
10%
Ameland Hollum
10%
Noardeast-Fryslân Holwerd
10%
Molenlanden Kinderdijk
10%
Zaanstad Krommenie
10%
Drimmelen Lage Zwaluwe
10%
Dalfsen Lemelerveld
10%
Montfoort Montfoort
10%
Koggenland Obdam
10%
Renkum Oosterbeek
10%
Oostzaan Oostzaan
10%
Ede Otterlo
10%
Halderberge Oudenbosch
10%
Oudewater Oudewater
10%
Breda Prinsenbeek
10%
Renkum Renkum
10%
Staphorst Rouveen
10%
De Wolden Ruinerwold
10%
Berkelland Ruurlo
10%
Midden-Drenthe Smilde
10%
Venlo Tegelen
10%
Oude IJsselstreek Ulft
10%
Haarlemmermeer Vijfhuizen
10%
Zoeterwoude Zoeterwoude
10%
Zwartewaterland Zwartsluis
10%
Peel en Maas | Steenwijkerland Baarlo
9%
Hardenberg Balkbrug
9%
Alphen-Chaam | Breda Bavel
9%
Oss Berghem
9%
Steenwijkerland Blokzijl
9%
Schouwen-Duiveland Burgh-Haamstede
9%
Texel De Cocksdorp
9%
Dinkelland Denekamp
9%
Drimmelen Drimmelen
9%
Borger-Odoorn Ees
9%
Leudal Ell
9%
Aa en Hunze Gasselte
9%
Aa en Hunze Grolloo
9%
Leeuwarden Grou
9%
Westerveld Havelte
9%
Maasgouw Heel
9%
Maasdriel Kerkdriel
9%
Zaanstad Koog aan de Zaan
9%
Landsmeer Landsmeer
9%
Utrechtse Heuvelrug Leersum
9%
Terschelling Lies
9%
Maasgouw Maasbracht
9%
Hoeksche Waard Maasdam
9%
Drimmelen Made
9%
Gulpen-Wittem Mechelen
9%
Mook en Middelaar Molenhoek
9%
Hoeksche Waard Nieuw-Beijerland
9%
Noordenveld Norg
9%
Goeree-Overflakkee Oude-Tonge
9%
Rotterdam Pernis
9%
Geertruidenberg Raamsdonksveer
9%
Reimerswaal Rilland
9%
Haarlemmermeer | Rotterdam Rozenburg
9%
Maashorst Schaijk
9%
Bergen NH Schoorl
9%
Westland 's-Gravenzande
9%
Dronten Swifterbant
9%
Het Hogeland Uithuizen
9%
Maashorst Volkel
9%
Barneveld Voorthuizen
9%
Westerveld Wateren
9%
Terschelling West-Terschelling
9%
Overbetuwe Zetten
9%
Westerkwartier Zuidhorn
9%
Overbetuwe Andelst
8%
Molenlanden Arkel
8%
Haarlemmermeer Badhoevedorp
8%
Ameland Ballum
8%
Apeldoorn Beekbergen
8%
West Maas en Waal Beneden-Leeuwen
8%
Tilburg Berkel-Enschot
8%
West Maas en Waal Boven-Leeuwen
8%
Midden-Drenthe Bovensmilde
8%
Waterland Broek in Waterland
8%
Schouwen-Duiveland Bruinisse
8%
Utrecht De Meern
8%
Steenwijkerland De Pol
8%
Velsen Driehuis
8%
Alkmaar Driehuizen
8%
Borger-Odoorn Drouwen
8%
Brummen Eerbeek
8%
Aa en Hunze Eext
8%
Beuningen Ewijk
8%
Geertruidenberg Geertruidenberg
8%
Coevorden Gees
8%
Lochem Gorssel
8%
Harderwijk Hierden
8%
Woensdrecht Hoogerheide
8%
Midden-Drenthe Hooghalen
8%
Reimerswaal Krabbendijke
8%
Oss Lith
8%
Eemsdelta Loppersum
8%
Westland Maasdijk
8%
Hardenberg Mariënberg
8%
Noardeast-Fryslân Marrum
8%
Goeree-Overflakkee Middelharnis
8%
Oisterwijk Moergestel
8%
Nieuwkoop Nieuwkoop
8%
Aa en Hunze Nooitgedacht
8%
Opmeer Opmeer
8%
Midden-Drenthe Oranje
8%
Beesel Reuver
8%
De Wolden | Westerveld Ruinen *
8%
Aa en Hunze Schoonloo
8%
Hoeksche Waard 's-Gravendeel
8%
Simpelveld Simpelveld
8%
Land van Cuijk Sint Anthonis
8%
Hoeksche Waard Strijen
8%
Roermond Swalmen
8%
Tilburg Udenhout
8%
Steenwijkerland Vollenhove
8%
Oude IJsselstreek | Voorst Voorst
8%
Bronckhorst Vorden
8%
Tynaarlo Vries
8%
Bergen Li | Maasdriel Well
8%
Veere Westkapelle
8%
Renkum Wolfheze
8%
Altena Woudrichem
8%
Zaanstad Zaandijk
8%
Veere Aagtekerke
7%
Barneveld | Leusden Achterveld *
7%
Middelburg Arnemuiden
7%
West Betuwe Asperen
7%
Terneuzen Axel
7%
Oldambt Bad Nieuweschans
7%
Noordoostpolder Bant
7%
Sint-Michielsgestel Berlicum
7%
Lansingerland Bleiswijk
7%
Westerwolde Bourtange
7%
Achtkarspelen Buitenpost
7%
Tietsjerksteradeel Burgum
7%
Hellendoorn Daarle
7%
West Betuwe Deil
7%
Ede De Klomp
7%
Pijnacker-Nootdorp Delfgauw
7%
Westerveld Dieverbrug
7%
Steenbergen Dinteloord
7%
Elburg Doornspijk
7%
Bergen NH Egmond-Binnen
7%
Ooststellingwerf | Stein Elsloo
7%
Emmen Emmer-Compascuum
7%
Oss Geffen
7%
Bernheze Heeswijk-Dinther
7%
Gennep Heijen
7%
Peel en Maas Helden
7%
Heerlen Hoensbroek
7%
Amersfoort Hoogland
7%
Barneveld Kootwijk
7%
Reimerswaal Kruiningen
7%
Cranendonck Maarheeze
7%
Westerkwartier Marum
7%
Vijfheerenlanden Meerkerk
7%
Coevorden Meppen
7%
Berg en Dal Millingen aan de Rijn
7%
Steenwijkerland Nederland
7%
Goeree-Overflakkee Nieuwe-Tonge
7%
Molenlanden Nieuw-Lekkerland
7%
Bernheze Nistelrode
7%
's-Hertogenbosch Nuland
7%
Neder-Betuwe Ochten
7%
Berg en Dal Ooij
7%
Dinkelland Ootmarsum
7%
Losser Overdinkel
7%
Albrandswaard Poortugaal
7%
Renswoude Renswoude
7%
Voorne aan Zee Rockanje
7%
Dinkelland | Maasdriel Rossum
7%
Midden-Groningen Sappemeer
7%
Valkenburg aan de Geul Schin op Geul
7%
Land van Cuijk Sint Hubert
7%
Tholen Sint-Maartensdijk
7%
Coevorden Sleen
7%
Leeuwarden Stiens
7%
Nieuwkoop Ter Aar
7%
Noordenveld Veenhuizen
7%
Nunspeet Vierhouten
7%
Het Hogeland Vierhuizen
7%
Land van Cuijk Vierlingsbeek
7%
Teylingen Voorhout
7%
Twenterand Vroomshoop
7%
West Betuwe Waardenburg
7%
Súdwest-Fryslân Warns
7%
Roosendaal Wouw
7%
Súdwest-Fryslân Zurich
7%
Almelo Aadorp
6%
Coevorden Aalden
6%
Laarbeek Aarle-Rixtel
6%
Aa en Hunze Amen
6%
West Maas en Waal Appeltern
6%
Land van Cuijk Beers
6%
Oldambt Beerta
6%
Bloemendaal Bennebroek
6%
Wijchen Bergharen
6%
Lansingerland Bergschenhoek
6%
Zaltbommel Brakel
6%
Dijk en Waard Broek op Langedijk
6%
Eijsden-Margraten Cadier en Keer
6%
Druten Deest
6%
Steenbergen De Heen
6%
Hof van Twente Delden
6%
Tynaarlo De Punt
6%
Alkmaar De Rijp
6%
Deventer Diepenveen
6%
Hilvarenbeek Diessen
6%
Goeree-Overflakkee Dirksland
6%
De Friese Meren | De Wolden Echten
6%
Gulpen-Wittem Epen
6%
Emmen Erica
6%
Aa en Hunze Gasselternijveen
6%
Lingewaard Gendt
6%
Aa en Hunze Gieterveen
6%
Losser Glane
6%
Westerkwartier Grijpskerk
6%
Bronckhorst Halle
6%
Noardeast-Fryslân Hallum
6%
Gemert-Bakel Handel
6%
Altena Hank
6%
Oldebroek Hattemerbroek
6%
Maasdriel Hedel
6%
Vught Helvoirt
6%
Oss Herpen
6%
West Betuwe Herwijnen
6%
Overbetuwe Heteren
6%
Halderberge Hoeven
6%
Staphorst Ijhorst
6%
Goes | Kapelle Kloetinge *
6%
Stichtse Vecht Loenen aan de Vecht
6%
Noordoostpolder Luttelgeest
6%
West Maas en Waal Maasbommel
6%
Noordoostpolder Marknesse
6%
Oss Megen
6%
West Betuwe Meteren
6%
Noardeast-Fryslân Moddergat
6%
Borger-Odoorn Nieuw-Buinen
6%
Nijkerk Nijkerkerveen
6%
Roosendaal Nispen
6%
Hoeksche Waard Numansdorp
6%
Epe Oene
6%
Oss Oijen
6%
Veere Oostkapelle
6%
Voorne aan Zee Oostvoorne
6%
Heumen Overasselt
6%
Bloemendaal Overveen
6%
Peel en Maas Panningen
6%
Hoogeveen | Westerveld Pesse *
6%
Mook en Middelaar Plasmolen
6%
Maashorst Reek
6%
Katwijk Rijnsburg
6%
Kaag en Braassem Roelofarendsveen
6%
Leudal Roggel
6%
Het Hogeland Roodeschool
6%
Noordoostpolder Rutten
6%
Noordoostpolder Schokland
6%
Coevorden Schoonoord
6%
Montferland 's-Heerenberg
6%
Altena Sleeuwijk
6%
Tholen Stavenisse
6%
Oude IJsselstreek Terborg
6%
Berg en Dal Ubbergen
6%
Apeldoorn Uddel
6%
Oude IJsselstreek Varsseveld
6%
Westerveld Vledder
6%
Voerendaal Voerendaal
6%
Land van Cuijk Wanroij
6%
Het Hogeland Warffum
6%
Teylingen Warmond
6%
Westland Wateringen
6%
Doetinchem Wehl
6%
Altena Wijk en Aalburg
6%
Roosendaal Wouwse Plantage
6%
Haarlemmermeer Zwanenburg
6%
Goeree-Overflakkee Achthuizen
5%
Heerenveen Akkrum
5%
Altena Almkerk
5%
De Wolden | Hoogeveen | Noordenveld | Stadskanaal Alteveer
5%
Medemblik Andijk
5%
Noardeast-Fryslân Anjum
5%
Aa en Hunze Anloo
5%
Opsterland Bakkeveen
5%
Wijchen Balgoij
5%
Aa en Hunze Balloo
5%
Emmen Barger-Compascuum
5%
Beesel Beesel
5%
Krimpenerwaard Bergambacht
5%
Eemsdelta Bierum
5%
Hoorn Blokker
5%
Halderberge Bosschenhoofd
5%
Stede Broec Bovenkarspel
5%
Horst aan de Maas | Meppel Broekhuizen
5%
Borger-Odoorn Buinen
5%
Meerssen Bunde
5%
Noordoostpolder Creil
5%
Vught Cromvoirt
5%
Hellendoorn Daarlerveen
5%
Dinkelland | Oldenzaal Deurningen *
5%
Westerkwartier De Wilp
5%
West Maas en Waal Dreumel
5%
Neder-Betuwe Echteld
5%
Bunschoten Eemdijk
5%
Heusden Elshout
5%
Brummen Empe
5%
West Betuwe Enspijk
5%
West Betuwe Est
5%
Moerdijk Fijnaart
5%
Doetinchem Gaanderen
5%
Aa en Hunze Gasselternijveenschemond
5%
Opsterland Gorredijk
5%
Bergen NH Groet
5%
Haarlemmermeer Halfweg
5%
Ede Harskamp
5%
Zwijndrecht Heerjansdam
5%
Drechterland Hoogkarspel
5%
Druten Horssen
5%
Buren Ingen
5%
Heerenveen Jubbega
5%
Noord-Beveland Kamperland
5%
Moerdijk Klundert
5%
De Wolden Koekange
5%
Noardeast-Fryslân Kollum
5%
Súdwest-Fryslân Koudum
5%
Boxtel Liempde
5%
Laarbeek Lieshout
5%
De Wolden Linde
5%
Oss Lithoijen
5%
Zevenaar Lobith
5%
Venlo Lomm
5%
Hardenberg Lutten
5%
Utrechtse Heuvelrug Maarsbergen
5%
De Bilt Maartensdijk
5%
Laarbeek Mariahout
5%
Raalte Mariënheem
5%
Buren Maurik
5%
Peel en Maas Meijel
5%
Purmerend Middenbeemster
5%
Gennep Milsbeek
5%
Stadskanaal Mussel
5%
Stadskanaal Musselkanaal
5%
Heumen Nederasselt
5%
Berkelland Neede
5%
Zuidplas Nieuwerkerk aan den Ijssel
5%
Meppel Nijeveen
5%
Nieuwkoop Noorden
5%
Groningen Noordlaren
5%
Land van Cuijk Oeffelt
5%
Vijfheerenlanden Oosterwijk
5%
Vlissingen Oost-Souburg
5%
Oldambt | Westerkwartier Oostwold
5%
Midden-Drenthe Orvelte
5%
Woensdrecht Ossendrecht
5%
De Friese Meren | Smallingerland | Súdwest-Fryslân Oudega
5%
Tynaarlo Paterswolde
5%
Noordenveld Peize
5%
Schagen Petten
5%
Tholen Poortvliet
5%
Hoeksche Waard Puttershoek
5%
Apeldoorn Radio Kootwijk
5%
Overbetuwe Randwijk
5%
Velsen Santpoort-Noord
5%
Velsen Santpoort-Zuid
5%
Terneuzen Sas van Gent
5%
Borsele 's-Gravenpolder
5%
Tholen Sint-Annaland
5%
Waalwijk Sprang-Capelle
5%
Heeze-Leende Sterksel
5%
Achtkarspelen Surhuisterveen
5%
Breda Teteringen
5%
Maasgouw Thorn
5%
Stichtse Vecht Tienhoven
5%
West Betuwe Tricht
5%
Schagen 't Zand
5%
Alphen-Chaam | Breda Ulvenhout
5%
Venlo Velden
5%
Velsen Velserbroek
5%
Ommen Vilsteren
5%
's-Hertogenbosch | Bernheze Vinkel
5%
West Maas en Waal Wamel
5%
Venray Wanssum
5%
Westerveld Wapse
5%
Zutphen Warnsveld
5%
Borger-Odoorn Westdorp
5%
Zaanstad Westzaan
5%
Beuningen Weurt
5%
Hollands Kroon Wieringerwerf
5%
Midden-Drenthe Wijster
5%
Beuningen Winssen
5%
Kampen Zalk
5%
Hoeksche Waard Zuid-Beijerland
5%
Borger-Odoorn 2e Exloërmond
4%
Sluis Aardenburg
4%
West Maas en Waal Altforst
4%
Hardenberg Ane
4%
Zeist Austerlitz
4%
Zevenaar Babberich
4%
Edam-Volendam Beets
4%
Steenwijkerland Belt-Schutsloot
4%
Hof van Twente Bentelo
4%
Valkenburg aan de Geul Berg en Terblijt
4%
Hardenberg Bergentheim
4%
Land van Cuijk Beugen
4%
Sluis | Terneuzen Biervliet
4%
Tilburg Biezenmortel
4%
Zaltbommel Bruchem
4%
Buren | West Betuwe Buurmalsen *
4%
Hulst Clinge
4%
Wijk bij Duurstede Cothen
4%
Coevorden Dalerveen
4%
Tynaarlo De Groeve
4%
Oss Demen
4%
Sint-Michielsgestel Den Dungen
4%
Dantumadeel De Westereen
4%
Hof van Twente Diepenheim
4%
Lingewaard Doornenburg
4%
Renkum Doorwerth
4%
Oosterhout Dorst
4%
Waadhoeke Dronryp
4%
Eersel Duizel
4%
Altena Dussen
4%
Ede Ederveen
4%
Lochem Eefde
4%
Aa en Hunze Eexterveen
4%
Hoogeveen Elim
4%
Lochem Epse
4%
Noordoostpolder Espel
4%
Gulpen-Wittem Eys
4%
Berkelland | Tubbergen Geesteren
4%
Sint-Michielsgestel Gemonde
4%
Meerssen Geulle
4%
Molenlanden Giessenburg
4%
Groningen Glimmen
4%
Goeree-Overflakkee Goedereede
4%
Leeuwarden Goutum
4%
De Bilt Groenekan
4%
Westerkwartier Grootegast
4%
Lingewaard Haalderen
4%
Berkelland Haarlo
4%
Vijfheerenlanden Hagestein
4%
Reimerswaal Hansweert
4%
Bladel Hapert
4%
Achtkarspelen Harkema
4%
Alphen aan den Rijn Hazerswoude-Rijndijk
4%
Súdwest-Fryslân Heeg
4%
Wijchen Hernen
4%
Midden-Drenthe | Westerveld Hoogersmilde *
4%
Leudal Horn
4%
Nunspeet Hulshorst
4%
Sluis Ijzendijke
4%
Leeuwarden Jirnsum
4%
Buren Kerk-Avezaath
4%
Tiel Kerk Avezaath
4%
De Wolden Kerkenveld
4%
Peel en Maas Kessel
4%
Stichtse Vecht Kockengen
4%
Alkmaar | Dijk en Waard Koedijk *
4%
Veere Koudekerke
4%
Noordoostpolder Kraggenburg
4%
Reusel-De Mierden Lage Mierden
4%
Land van Cuijk Langeboom
4%
Het Hogeland Leens
4%
Bergen op Zoom Lepelstraat
4%
Vijfheerenlanden Lexmond
4%
Castricum Limmen
4%
Maasgouw Linne
4%
Bernheze Loosbroek
4%
Raalte Luttenberg
4%
Midden-Delfland Maasland
4%
Rotterdam Maasvlakte
4%
Oss Macharen
4%
Oss Maren-Kessel
4%
Eemsdelta Middelstum
4%
Hollands Kroon Middenmeer
4%
Tynaarlo Midlaren
4%
Terschelling Midsland
4%
Noordoostpolder Nagele
4%
Sluis Nieuwvliet
4%
Stichtse Vecht Nigtevecht
4%
Súdwest-Fryslân Nijland
4%
Purmerend Noordbeemster
4%
Alkmaar | Oldebroek Noordeinde
4%
Moerdijk Noordhoek
4%
Het Hogeland | Weststellingwerf Noordwolde
4%
Bunnik Odijk
4%
Venray Oirlo
4%
Sluis Oostburg
4%
Oosterhout Oosteind
4%
Terschelling | Texel Oosterend
4%
Noardeast-Fryslân | Venray Oostrum
4%
Oirschot Oost-, West-, en Middelbeers
4%
Smallingerland Opeinde
4%
West Betuwe Ophemert
4%
Land van Cuijk Oploo
4%
Moerdijk | Tynaarlo Oudemolen
4%
Ouder-Amstel Ouderkerk aan de Amstel
4%
Halderberge Oud Gastel
4%
Druten Puiflijk
4%
Zundert Rijsbergen
4%
Dinkelland Saasveld
4%
Houten Schalkwijk
4%
Schouwen-Duiveland Scharendijke
4%
Midden-Delfland Schipluiden
4%
Emmen Schoonebeek
4%
Wijdemeren 's-Graveland
4%
Goes 's-Heer Arendskerke
4%
Borsele 's-Heerenhoek
4%
Steenwijkerland Sint Jansklooster
4%
De Friese Meren Sint Nicolaasga
4%
Gulpen-Wittem Slenaken
4%
Overbetuwe Slijk-Ewijk
4%
Terneuzen Sluiskil
4%
Haarlem | Haarlemmermeer Spaarndam *
4%
Midden-Drenthe | Westerveld Spier *
4%
Rucphen Sprundel
4%
Halderberge Stampersgat
4%
Eersel Steensel
4%
Goeree-Overflakkee Stellendam
4%
Alkmaar Stompetoren
4%
Barneveld Stroe
4%
Westland Ter Heijde
4%
Voorst Terwolde
4%
Voorst Teuge
4%
Noordoostpolder Tollebeek
4%
Steenwijkerland Tuk
4%
Het Hogeland Uithuizermeeden
4%
Overbetuwe Valburg
4%
Borger-Odoorn Valthe
4%
Maasdriel Velddriel
4%
Vaals Vijlen
4%
Hulst Vogelwaarde
4%
Stichtse Vecht Vreeland
4%
Tiel Wadenoijen
4%
Heerde Wapenveld
4%
Westerveld Wapserveen
4%
Bunnik Werkhoven
4%
Medemblik Wervershoof
4%
Bergeijk Westerhoven
4%
Coevorden Wezup
4%
Gulpen-Wittem Wijlre
4%
Harlingen Wijnaldum
4%
Goes Wilhelminadorp
4%
De Ronde Venen Wilnis
4%
Midden-Drenthe Witteveen
4%
Medemblik Wognum
4%
Goes Wolphaartsdijk
4%
Montferland Zeddam
4%
Buren Zoelen
4%
Purmerend Zuidoostbeemster
4%
Borger-Odoorn 1e Exloërmond
3%
Medemblik Abbekerk
3%
Zundert Achtmaal
3%
West Betuwe Acquoy
3%
Westerkwartier Aduard
3%
Castricum Akersloot
3%
Hof van Twente Ambt Delden
3%
Maasdriel Ammerzoden
3%
Aa en Hunze Anderen
3%
Lingewaard Angeren
3%
Wijdemeren Ankeveen
3%
De Wolden | Westerveld Ansen *
3%
Ommen Arriën
3%
De Ronde Venen Baambrugge
3%
Steenwijkerland Baars
3%
Het Hogeland Baflo
3%
De Friese Meren Bakhuizen
3%
Wijchen Batenburg
3%
Opsterland Beetsterzwaag
3%
Westerwolde Bellingwolde
3%
Lopik Benschop
3%
Peel en Maas Beringe
3%
Koggenland Berkhout
3%
Buren Beusichem
3%
Veere Biggekerke
3%
Almelo Bornerbroek
3%
Montferland Braamt
3%
Raalte Broekland
3%
Hardenberg Brucht
3%
Cranendonck Budel-Dorpsplein
3%
Cranendonck Budel-Schoot
3%
Deventer Colmschate
3%
Westerveld Darp
3%
Ede Deelen
3%
Aalten De Heurne
3%
Coevorden De Kiel
3%
Gemert-Bakel De Mortel
3%
Oosterhout Den Hout
3%
Gemert-Bakel De Rips
3%
Aa en Hunze Deurze
3%
Noordwijk De Zilk
3%
Oss Dieden
3%
De Friese Meren Dijken
3%
Westerveld Doldersum
3%
Ooststellingwerf Donkerbroek
3%
Utrechtse Heuvelrug Driebergen-Rijsenburg
3%
Borger-Odoorn Drouwenerveen
3%
Eijsden-Margraten Eckelrade
3%
Het Hogeland Eenrum
3%
Borger-Odoorn Eeserveen
3%
Gemert-Bakel Elsendorp
3%
Epe Emst
3%
Land van Cuijk Escharen
3%
Rotterdam Europoort
3%
Vijfheerenlanden Everdingen
3%
Kerkrade Eygelshoven
3%
Westerveld Frederiksoord
3%
Opsterland Frieschepalen
3%
Cranendonck Gastel
3%
Aa en Hunze Gasteren
3%
Coevorden Geesbrug
3%
Altena Genderen
3%
Oude IJsselstreek Gendringen
3%
Kampen Grafhorst
3%
Sluis Groede
3%
Duiven Groessen
3%
Eijsden-Margraten Gronsveld
3%
Molenlanden Groot-Ammers
3%
Stede Broec Grootebroek
3%
West Betuwe Haaften
3%
Heusden Haarsteeg
3%
Alphen aan den Rijn Hazerswoude-Dorp
3%
Renkum Heelsum
3%
Maasdriel Heerewaarden
3%
Raalte Heeten
3%
Hoeksche Waard Heinenoord
3%
West Betuwe Hellouw
3%
Súdwest-Fryslân Hemelum
3%
Overbetuwe Hemmen
3%
Roermond Herten
3%
Oisterwijk Heukelom
3%
De Bilt Hollandsche Rading
3%
Apeldoorn Hoog Soeren
3%
Woensdrecht Huijbergen
3%
Noordenveld | Zeist Huis ter Heide
3%
Tietsjerksteradeel Hurdegaryp
3%
Buren Kapel-Avezaath
3%
Tiel Kapel Avezaath
3%
Súdwest-Fryslân Kimswerd
3%
Apeldoorn | Voorst Klarenbeek *
3%
Voerendaal Klimmen
3%
Hardenberg | Twenterand Kloosterhaar *
3%
Eersel Knegsel
3%
Noardeast-Fryslân Kollumerpomp
3%
Barneveld Kootwijkerbroek
3%
Wijdemeren Kortenhoef
3%
Midden-Groningen Kropswolde
3%
Aalsmeer Kudelstaart
3%
Borsele Kwadendamme
3%
Raalte Laag Zuthem
3%
Baarn Lage Vuursche
3%
Hulst Lamswaarde
3%
Land van Cuijk Landhorst
3%
Molenlanden Langerak
3%
Land van Cuijk Ledeacker
3%
Vijfheerenlanden Leerbroek
3%
Kaag en Braassem Leimuiden
3%
Venray Leunen
3%
Someren Lierop
3%
Oost Gelre Lievelde
3%
Stede Broec Lutjebroek
3%
Westerkwartier Lutjegast
3%
Land van Cuijk Maashees
3%
Waadhoeke Marsum
3%
Horst aan de Maas Melderslo
3%
Veere Meliskerke
3%
Waadhoeke Menaam
3%
Edam-Volendam Middelie
3%
Hoeksche Waard Mijnsheerenland
3%
Roosendaal Moerstraten
3%
Gilze en Rijen Molenschot
3%
Roerdalen Montfort
3%
Wijdemeren Nederhorst-Den Berg
3%
Oss Neerloon
3%
Bladel Netersel
3%
Emmen Nieuw-Dordrecht
3%
Borsele Nieuwdorp
3%
Altena Nieuwendijk
3%
Heusden Nieuwkuijk
3%
Vijfheerenlanden Nieuwland
3%
Steenbergen Nieuw-Vossemeer
3%
Smallingerland Nijega
3%
Molenlanden Noordeloos
3%
Beekdaelen Nuth
3%
Maashorst Odiliapeel
3%
Asten Ommel
3%
Coevorden Oosterhesselen
3%
Heerenveen Oranjewoud
3%
Nederweert Ospel
3%
Steenwijkerland Ossenzijl
3%
Molenlanden Oud-Alblas
3%
De Friese Meren Oudehaske
3%
Heusden Oudheusden
3%
Tholen Oud-Vossemeer
3%
Zevenaar Pannerden
3%
Aa en Hunze Papenvoort
3%
Westland Poeldijk
3%
Lopik Polsbroek
3%
Hardenberg Rheeze
3%
Bergeijk Riethoven
3%
Land van Cuijk Sambeek
3%
Deventer Schalkhaar
3%
Oldambt Scheemda
3%
Alkmaar Schermerhorn
3%
Beekdaelen Schinnen
3%
Aa en Hunze Schipborg
3%
Kapelle Schore
3%
Schouwen-Duiveland | Veere Serooskerke
3%
Kampen 's-Heerenbroek
3%
Goes 's-Heer Hendrikskinderen
3%
Midden-Groningen Siddeburen
3%
Oude IJsselstreek Silvolde
3%
Hulst Sint Jansteen
3%
Midden-Groningen Slochteren
3%
Opmeer Spanbroek
3%
Beek Spaubeek
3%
Aa en Hunze | Wormerland Spijkerboor
3%
Moerdijk Standdaarbuiten
3%
Waadhoeke St.-Annaparochie
3%
Eemsdelta Stedum
3%
Land van Cuijk Stevensbeek
3%
Krimpenerwaard Stolwijk
3%
Molenlanden Streefkerk
3%
Groningen Ten Boer
3%
Horst aan de Maas Tienray
3%
Westerkwartier Tolbert
3%
Tietsjerksteradeel Tytsjerk
3%
Assen Ubbena
3%
Stein Urmond
3%
Alkmaar | Koggenland Ursem *
3%
Het Hogeland Usquert
3%
West Betuwe Varik
3%
Boekel Venhorst
3%
Eersel Vessem
3%
Venray Veulen
3%
Stadskanaal | Westerveld Vledderveen
3%
Veere Vrouwenpolder
3%
West Betuwe Vuren
3%
Drimmelen Wagenberg
3%
Ede Wekerom
3%
Bergen Li Wellerlooi
3%
Kapelle Wemeldinge
3%
Olst-Wijhe Wesepe
3%
Purmerend Westbeemster
3%
De Bilt Westbroek
3%
Land van Cuijk Westerbeek
3%
Coevorden Wezuperbrug
3%
Land van Cuijk Wilbertoord
3%
Veendam Wildervank
3%
Voorst Wilp
3%
Kampen Wilsum
3%
Hollands Kroon Winkel
3%
Eersel Wintelre
3%
Winterswijk Woold
3%
Súdwest-Fryslân Woudsend
3%
Rucphen Zegge
3%
Drimmelen | Moerdijk Zevenbergschen Hoek
3%
Nieuwkoop Zevenhoven
3%
Het Hogeland Zoutkamp
3%
Midden-Groningen Zuidbroek
3%
Alphen aan den Rijn Zwammerdam
3%
Borger-Odoorn 2e Valthermond
2%
Haarlemmermeer Aalsmeerderbrug
2%
Noardeast-Fryslân Aalsum
2%
Súdwest-Fryslân Abbega
2%
Het Hogeland Adorp
2%
Dinkelland Agelo
2%
Tubbergen Albergen
2%
Heerenveen Aldeboarn
2%
Lochem Almen
2%
Aa en Hunze Annerveenschekanaal
2%
Súdwest-Fryslân Arum
2%
Aa en Hunze Balloërveld
2%
Steenwijkerland Basse
2%
Ommen Beerze
2%
Berkelland Beltrum
2%
Eijsden-Margraten Bemelen
2%
Coevorden Benneveld
2%
Alphen aan den Rijn Benthuizen
2%
Noardeast-Fryslân Blije
2%
Simpelveld Bocholtz
2%
Smallingerland Boornbergum
2%
Midden-Groningen Borgercompagnie
2%
Aalten Bredevoort
2%
Hollands Kroon Breezand
2%
Schouwen-Duiveland Brouwershaven
2%
Hardenberg Bruchterveld
2%
Borger-Odoorn Buinerveen
2%
Venray Castenray
2%
Noord-Beveland Colijnsplaat
2%
Haarlemmermeer Cruquius
2%
Gorinchem Dalem
2%
Steenwijkerland De Bult
2%
De Ronde Venen De Hoef
2%
Waadhoeke Deinum
2%
Heerenveen De Knipe
2%
Landsmeer Den Ilp
2%
Hardenberg Den Velde
2%
Rheden De Steeg
2%
Oss Deursen-Dennenburg
2%
Smallingerland De Veenhoop
2%
Smallingerland De Wilgen
2%
Westerkwartier Doezum
2%
Tynaarlo Donderen
2%
Opsterland Drachten-Azeven
2%
Schouwen-Duiveland Dreischor
2%
Oldambt Drieborg
2%
Bodegraven-Reeuwijk Driebruggen
2%
Borsele Driewegen
2%
Midden-Drenthe Drijber
2%
De Wolden Drogteropslagen
2%
Altena Drongelen
2%
Tietsjerksteradeel Earnewâld
2%
Súdwest-Fryslân Easterein
2%
Tietsjerksteradeel Eastermar
2%
Buren Eck en Wiel
2%
Tynaarlo Eelderwolde
2%
Borger-Odoorn Eersergroen
2%
Aa en Hunze Eexterveenschekanaal
2%
Aa en Hunze Eexterzandvoort
2%
Peel en Maas Egchel
2%
Bergen NH Egmond aan den Hoef
2%
Aa en Hunze Ekehaar
2%
Aa en Hunze Eldersloo
2%
Rheden Ellecom
2%
Borger-Odoorn Ellertshaar
2%
Midden-Drenthe Elp
2%
Buren Erichem
2%
Hilvarenbeek Esbeek
2%
Borger-Odoorn Exloërveen
2%
Eemsdelta Farmsum
2%
Dantumadeel Feanwâlden
2%
Noardeast-Fryslân Ferwert
2%
Oldambt Finsterwolde
2%
Hoogeveen Fluitenberg
2%
Terschelling Formerum
2%
Midden-Groningen Foxhol
2%
Leeuwarden Friens
2%
Alphen-Chaam Galder
2%
Zaltbommel Gameren
2%
Tietsjerksteradeel Garyp
2%
West Betuwe Gellicum
2%
Alkmaar Graft
2%
Peel en Maas Grashoek
2%
Veere Grijpskerke
2%
Land van Cuijk Groeningen
2%
Utrecht Haarzuilens
2%
Krimpenerwaard Haastrecht
2%
Lochem Harfsen
2%
Ooststellingwerf Haule
2%
Ooststellingwerf Haulerwijk
2%
Medemblik Hauwert
2%
Hardenberg Heemserveen
2%
Venray Heide
2%
Moerdijk Heijningen
2%
Oldambt Heiligerlee
2%
Borsele Heinkenszand
2%
Deurne Helenaveen
2%
Hof van Twente Hengevelde
2%
Overbetuwe Herveld
2%
West Betuwe Heukelum
2%
Hollands Kroon Hippolytushoef
2%
Borsele Hoedekenskerke
2%
Maasdriel Hoenzadriel
2%
Wierden Hoge Hexel
2%
Hoogeveen Hollandscheveld
2%
Eemsdelta Holwierde
2%
Súdwest-Fryslân Hommerts
2%
Molenlanden Hoogblokland
2%
Reusel-De Mierden Hooge Mierden
2%
Opmeer Hoogwoud
2%
Molenlanden Hoornaar
2%
Den Helder Huisduinen
2%
Reusel-De Mierden Hulsel
2%
Gilze en Rijen Hulten
2%
Bronckhorst Hummelo
2%
Waterland Ilpendam
2%
Lochem Joppe
2%
Terschelling Kaard
2%
Woerden Kamerik
2%
Kampen Kamperveen
2%
Heerenveen Katlijk
2%
Noord-Beveland Kats
2%
Goes Kattendijke
2%
Leudal Kelpen-Oler
2%
Zaltbommel Kerkwijk
2%
Hoeksche Waard Klaaswaal
2%
Terneuzen Koewacht
2%
Noardeast-Fryslân Kollumerzwaag
2%
Achtkarspelen Kootstertille
2%
Winterswijk Kotten
2%
Steenbergen Kruisland
2%
Steenwijkerland Kuinre
2%
Edam-Volendam Kwadijk
2%
Westland Kwintsheul
2%
Rheden Laag-Soeren
2%
Tubbergen Langeveen
2%
De Friese Meren Langweer
2%
Dinkelland Lattrop-Breklenkamp
2%
Vaals Lemiers
2%
Berg en Dal Leuth
2%
Borsele Lewedorp
2%
Deurne Liessel
2%
Haarlemmermeer Lijnden
2%
Opsterland Lippenhuizen
2%
Haarlemmermeer Lisserbroek
2%
Stichtse Vecht Loenersloot
2%
Horst aan de Maas Lottum
2%
Peel en Maas Maasbree
2%
Beek Maastricht-Airport
2%
Ooststellingwerf Makkinga
2%
Tubbergen Mander
2%
Tubbergen Manderveen
2%
Leeuwarden Mantgum
2%
Tubbergen Mariaparochie
2%
Kampen | Zwartewaterland Mastenbroek *
2%
Winterswijk Meddo
2%
Midden-Groningen Meeden
2%
Horst aan de Maas Meerlo
2%
Eijsden-Margraten Mheer
2%
Harlingen Midlum
2%
Oldambt Midwolda
2%
Medemblik Midwoud
2%
Gemert-Bakel Milheeze
2%
Zuidplas Moerkapelle
2%
Súdwest-Fryslân Molkwerum
2%
Hoeksche Waard Mookhoek
2%
Midden-Groningen Muntendam
2%
West Betuwe Neerijnen
2%
Medemblik Nibbixwoud
2%
Midden-Drenthe Nieuw-Balinge
2%
Heerenveen Nieuwehorne
2%
Heerenveen Nieuweschoot
2%
Coevorden | Hoogeveen Nieuwlande *
2%
Hulst Nieuw Namen
2%
Oldambt Nieuwolda
2%
Echt-Susteren Nieuwstadt
2%
Nieuwkoop Nieuwveen
2%
Wijchen Niftrik
2%
Opsterland Nij Beets
2%
De Friese Meren Nijehaske
2%
Eijsden-Margraten Noorbeek
2%
Midden-Groningen Noordbroek
2%
Westerkwartier Noordhorn
2%
Dijk en Waard Noord-Scharwoude
2%
Dinkelland Nutter
2%
Borger-Odoorn Odoornerveen
2%
Maasgouw Ohé en Laak
2%
Westerkwartier Oldehove
2%
Buren Ommeren
2%
Groningen Onnen
2%
Reimerswaal Oostdijk
2%
Medemblik Oostwoud
2%
West Betuwe Opijnen
2%
Medemblik Opperdoes
2%
Hulst Ossenisse
2%
Gennep Ottersum
2%
Molenlanden Ottoland
2%
Heerenveen Oudehorne
2%
De Friese Meren Oudemirdum
2%
Krimpenerwaard Ouderkerk aan den Ijssel
2%
Westerwolde Oudeschans
2%
Texel Oudeschild
2%
Heerenveen Oudeschoot
2%
Schagen Oudesluis
2%
Westerveld Oude Willem
2%
Dijk en Waard | Schagen Oudkarspel *
2%
Alkmaar Oudorp
2%
Schouwen-Duiveland Ouwerkerk
2%
Utrechtse Heuvelrug Overberg
2%
Borsele Ovezande
2%
Steenwijkerland Paasloo
2%
Terneuzen Philippine
2%
Hoeksche Waard Piershil
2%
Súdwest-Fryslân Pingjum
2%
Staphorst Punthorst
2%
Landsmeer Purmerland
2%
Súdwest-Fryslân Raerd
2%
Sluis Retranchement
2%
Hardenberg Rheezerveen
2%
West Betuwe Rhenoy
2%
Goirle Riel
2%
Berkelland Rietmolen
2%
Land van Cuijk Rijkevoort
2%
Meppel Rogat
2%
Smallingerland Rottevalle
2%
De Friese Meren | Het Hogeland Rottum
2%
Westerkwartier Saaksum
2%
Het Hogeland Sauwerd
2%
Schagen Schagerbrug
2%
Molenlanden Schelluinen
2%
Rucphen Schijf
2%
Beekdaelen Schimmert
2%
Beekdaelen Schinveld
2%
Haarlemmermeer Schiphol-Rijk
2%
Vijfheerenlanden Schoonrewoerd
2%
Hardenberg Schuinesloot
2%
Westerwolde Sellingen
2%
Dongen 's Gravenmoer
2%
Borsele 's-Heer Abtskerke
2%
Hardenberg | Twenterand Sibculo *
2%
Bergen Li Siebengewald
2%
Tholen Sint Philipsland
2%
Bronckhorst Steenderen
2%
Steenwijkerland Steenwijkerwold
2%
Ommen Stegeren
2%
Maasgouw Stevensweert
2%
Coevorden Stieltjeskanaal
2%
Leusden Stoutenburg
2%
Weert Stramproy
2%
Hoogeveen | Midden-Drenthe Stuifzand *
2%
Rucphen St. Willebrord
2%
Tynaarlo Taarlo
2%
Oss Teeffelen
2%
Assen Ter Aard
2%
Drimmelen Terheijden
2%
Noardeast-Fryslân Ternaard
2%
Barneveld Terschuur
2%
Opsterland Terwispel
2%
Houten 't Goy
2%
Opsterland Tijnje
2%
Oldebroek 't Loo
2%
Zevenaar Tolkamer
2%
Achtkarspelen Twijzel
2%
Waadhoeke Tzum
2%
Waadhoeke Tzummarum
2%
Westerveld Uffelte
2%
Apeldoorn Ugchelen
2%
Waterland Uitdam
2%
Súdwest-Fryslân Uitwellingerga
2%
Baarle-Nassau Ulicoten
2%
Opsterland Ureterp
2%
Borger-Odoorn Valthermond
2%
Tubbergen Vasse
2%
De Wolden Veeningen
2%
Emmen Veenoord
2%
Drechterland Venhuizen
2%
Westerwolde Vlagtwedde
2%
Deurne Vlierden
2%
Roerdalen Vlodrop
2%
Bloemendaal Vogelenzang
2%
Land van Cuijk Vortum-Mullem
2%
Steenwijkerland Wanneperveen
2%
Leeuwarden Warten
2%
Westerwolde Wedde
2%
Dinkelland Weerselo
2%
Zundert Wernhout
2%
Maasgouw Wessem
2%
Terneuzen Westdorpe
2%
Midden-Groningen Westerbroek
2%
Waadhoeke Westhoek
2%
Hoeksche Waard Westmaas
2%
Drechterland Westwoud
2%
Bronckhorst Wichmond
2%
Molenlanden Wijngaarden
2%
Eemsdelta | Leeuwarden Wirdum
2%
Noord-Beveland Wissenkerke
2%
Súdwest-Fryslân Witmarsum
2%
Steenwijkerland Witte Paarden
2%
Súdwest-Fryslân Wommels
2%
Tynaarlo Yde
2%
Venray Ysselsteyn
2%
Terneuzen Zaamslag
2%
Borger-Odoorn Zandberg
2%
Tynaarlo Zeegse
2%
Woerden Zegveld
2%
Tynaarlo Zeijen
2%
Assen Zeijerveen
2%
Bronckhorst Zelhelm
2%
Tiel | West Betuwe Zennewijnen *
2%
Oost Gelre Zieuwent
2%
Buren Zoelmond
2%
Westerveld Zorgvlied
2%
Tynaarlo Zuidlaarderveen
2%
Nissewaard Zuidland
2%
Dijk en Waard Zuid-Scharwoude
2%
Zaltbommel Zuilichem
2%
Wierden Zuna
2%
Medemblik Zwaagdijk-Oost
2%
Medemblik Zwaagdijk-West
2%
Barneveld Zwartebroek
2%
Emmen Zwartemeer
2%
Coevorden Zweeloo
2%
Midden-Drenthe Zwiggelte
2%
Alphen aan den Rijn Aarlanderveen
1%
Opmeer Aartswoud
1%
Nissewaard Abbenbroek
1%
Haarlemmermeer Abbenes
1%
Waadhoeke Achlum
1%
Zevenaar Aerdt
1%
Súdwest-Fryslân Allingawier
1%
Krimpenerwaard Ammerstol
1%
De Ronde Venen Amstelhoek
1%
Zevenaar Angerlo
1%
Noardeast-Fryslân Augsbuurt
1%
Achtkarspelen Augustinusga
1%
Koggenland Avenhorn
1%
Terschelling Baaiduinen
1%
Leeuwarden Baard
1%
Borsele Baarland
1%
Altena Babyloniënbroek
1%
Leudal Baexem
1%
Midden-Drenthe Balinge
1%
Eijsden-Margraten Banholt
1%
De Friese Meren Bantega
1%
Maasgouw Beegden
1%
Ommen Beerzerveld
1%
Venlo Belfeld
1%
Medemblik Benningbroek
1%
Gulpen-Wittem Beutenaken
1%
Hilvarenbeek Biest-Houtakker
1%
Oldambt Blauwestad
1%
Súdwest-Fryslân Blauwhuis
1%
Weststellingwerf Blesdijke
1%
Molenlanden Bleskensgraaf
1%
Waadhoeke Blessum
1%
Westerwolde Blijham
1%
Venray Blitterswijck
1%
Súdwest-Fryslân Boazum
1%
Achtkarspelen Boelenslaan
1%
Westerkwartier Boerakker
1%
Waadhoeke Boksum
1%
Heerenveen Bontebok
1%
Westerveld Boschoord
1%
Rotterdam Botlek
1%
Molenlanden Brandwijk
1%
Noardeast-Fryslân Brantgum
1%
Westerkwartier Briltil
1%
Winterswijk Brinkheurne
1%
Leeuwarden Britsum
1%
Horst aan de Maas Broekhuizenvorst
1%
Borger-Odoorn Bronneger
1%
Borger-Odoorn Bronnegerveen
1%
Twenterand Bruinehaar
1%
Leudal Buggenum
1%
Haarlemmermeer Buitenkaag
1%
Tynaarlo Bunne
1%
Noardeast-Fryslân Burdaard
1%
Haarlemmermeer Burgerveen
1%
Súdwest-Fryslân Burgwerd
1%
Noardeast-Fryslân Burum
1%
Baarle-Nassau Castelre
1%
Bladel Casteren
1%
Hardenberg Collendoorn
1%
Coevorden Dalerpeel
1%
Dantumadeel Damwâld
1%
Súdwest-Fryslân Dearsum
1%
Weststellingwerf De Blesse
1%
Barneveld De Glind
1%
Koggenland De Goorn
1%
Uithoorn De Kwakel
1%
De Friese Meren Delfstrahuizen
1%
Het Hogeland Den Andel
1%
Goeree-Overflakkee Den Bommel
1%
Westerkwartier Den Horn
1%
Meppel De Schiphorst
1%
Smallingerland De Tike
1%
Opmeer De Weere
1%
Hardenberg Diffelen
1%
Coevorden Diphoorn
1%
Schagen Dirkshorn
1%
Beekdaelen Doenrade
1%
Waadhoeke Dongjum
1%
Smallingerland Drachtercompagnie
1%
Bronckhorst Drempt
1%
Achtkarspelen Drogeham
1%
Borger-Odoorn Drouwenermond
1%
Leeuwarden Eagum
1%
Leeuwarden Easterlittens
1%
Súdwest-Fryslân Easterwierrum
1%
De Friese Meren Echtenerbrug
1%
Sluis Eede
1%
Steenwijkerland Eesveen
1%
Altena Eethen
1%
De Friese Meren Elahuizen
1%
Aa en Hunze Eleveld
1%
Schouwen-Duiveland Ellemeet
1%
Borsele Ellewoutsdijk
1%
Noardeast-Fryslân Engwierum
1%
Westerkwartier Enumatil
1%
Horst aan de Maas Evertsoord
1%
Westerkwartier Ezinge
1%
Leeuwarden Feinsum
1%
Súdwest-Fryslân Ferwoude
1%
Tubbergen Fleringen
1%
Ooststellingwerf Fochteloo
1%
De Friese Meren Follega
1%
Súdwest-Fryslân Gaastmeer
1%
Veere Gapinge
1%
Groningen Garmerwolde
1%
Westerkwartier Garnwerd
1%
Súdwest-Fryslân Gauw
1%
Aa en Hunze Geelbroek
1%
Twenterand Geerdijk
1%
Noord-Beveland Geersdijk
1%
Nissewaard Geervliet
1%
Westerveld Geeuwenbrug
1%
Achtkarspelen Gerkesklooster
1%
Heerenveen Gersloot
1%
Zevenaar Giesbeek
1%
Ommen Giethem
1%
Súdwest-Fryslân Goënga
1%
De Friese Meren Goingarijp
1%
Krimpenerwaard Gouderak
1%
Molenlanden Goudriaan
1%
Hulst Graauw
1%
Sittard-Geleen Grevenbicht
1%
Alkmaar Grootschermer
1%
Tietsjerksteradeel Gytsjerk
1%
Haarlemmermeer Haarlemmerliede
1%
Tubbergen Habrinkhoek
1%
Leudal Haelen
1%
Hilvarenbeek Haghorst
1%
Leudal Haler
1%
Noardeast-Fryslân Hantum
1%
Noardeast-Fryslân Hantumeruitburen
1%
De Friese Meren Harich
1%
Hollands Kroon Haringhuizen
1%
Groningen | Midden-Groningen Harkstede *
1%
Oost Gelre Harreveld
1%
Heerenveen Haskerdijken
1%
De Friese Meren Haskerhorne
1%
Westerveld Havelterberg
1%
Oude IJsselstreek Heelweg
1%
Nissewaard Heenvliet
1%
Heusden Heesbeen
1%
West Betuwe Heesselt
1%
Horst aan de Maas Hegelsom
1%
Vijfheerenlanden Hei- en Boeicop
1%
Gulpen-Wittem Heijenrath
1%
Hulst Heikant
1%
Berg en Dal Heilig Landstichting
1%
Midden-Groningen Hellum
1%
Leeuwarden Hempens
1%
Opsterland Hemrik
1%
Hulst Hengstdijk
1%
Roerdalen Herkenbosch
1%
Zevenaar Herwen
1%
Renkum Heveadorp
1%
Leudal Heythuysen
1%
Noardeast-Fryslân Hiaure
1%
Súdwest-Fryslân Hichtum
1%
Súdwest-Fryslân Hieslum
1%
Midden-Drenthe Hijken
1%
Leeuwarden Hijum
1%
Leeuwarden Hilaard
1%
Edam-Volendam Hobrede
1%
Vijfheerenlanden Hoef en Haag
1%
Coevorden Holsloot
1%
Sittard-Geleen Holtum
1%
Westland Honselersdijk
1%
Sluis Hoofdplaat
1%
Bladel Hoogeloon
1%
Drimmelen Hooge Zwaluwe
1%
Bronckhorst Hoog-Keppel
1%
Amersfoort Hooglanderveen
1%
Kaag en Braassem Hoogmade
1%
Heerenveen Hoornsterzwaag
1%
Smallingerland Houtigehage
1%
Het Hogeland Houwerzijl
1%
Oss Huisseling
1%
Beekdaelen Hulsberg
1%
Leeuwarden Húns
1%
Winterswijk Huppel
1%
Maasdriel Hurwenen
1%
Leeuwarden Idaerd
1%
De Friese Meren Idskenhuizen
1%
Neder-Betuwe Ijzendoorn
1%
Súdwest-Fryslân Indijk
1%
Gulpen-Wittem Ingber
1%
Súdwest-Fryslân It Heidenskip
1%
Leudal Ittervoort
1%
Noardeast-Fryslân Jannum
1%
Leeuwarden Jelsum
1%
Noardeast-Fryslân Jislum
1%
Wormerland Jisp
1%
Tietsjerksteradeel Jistrum
1%
Opsterland Jonkerslân
1%
Leeuwarden Jorwert
1%
Súdwest-Fryslân Jutrijp
1%
Steenwijkerland Kalenberg
1%
Steenwijkerland Kallenkote
1%
Het Hogeland Kantens
1%
Waterland Katwoude
1%
Oss Keent
1%
Schouwen-Duiveland Kerkwerve
1%
Montferland Kilder
1%
Terschelling Kinnum
1%
Emmen Klazienaveen-Noord
1%
Borger-Odoorn Klijndijk
1%
Hulst Kloosterzande
1%
De Friese Meren Kolderwolde
1%
Hollands Kroon Kolhorn
1%
Peel en Maas Koningslust
1%
Westerkwartier Kornhorn
1%
Smallingerland Kortehemmen
1%
Noord-Beveland Kortgene
1%
Alphen aan den Rijn Kouderkerk aan den Rijn
1%
Hollands Kroon Kreileroord
1%
Horst aan de Maas Kronenberg
1%
Súdwest-Fryslân Kûbaard
1%
Bronckhorst Laag-Keppel
1%
Groningen | Midden-Groningen Lageland *
1%
Medemblik Lambertschaag
1%
Terschelling Landerum
1%
Wijk bij Duurstede Langbroek
1%
Noordenveld Langelo
1%
Moerdijk Langeweg
1%
Opsterland Langezwaag
1%
Zevenaar Lathum
1%
Haarlemmermeer Leimuiderbrug
1%
Montferland Lengel
1%
Leeuwarden Leons
1%
Westerkwartier Lettelbert
1%
Brummen Leuvenheim
1%
Nederweert Leveroy
1%
Apeldoorn Lieren
1%
Noordenveld Lieveren
1%
Sittard-Geleen Limbricht
1%
Montfoort Linschoten
1%
Noardeast-Fryslân Lioessens
1%
Montferland Loerbeek
1%
Lopik Lopikerkapel
1%
Heerenveen Luinjeberd
1%
Hollands Kroon Lutjewinkel
1%
Opsterland Luxwoude
1%
Bergeijk Luykgestel
1%
Midden-Drenthe Mantinge
1%
Echt-Susteren Maria Hoop
1%
Oost Gelre Mariënvelde
1%
Olst-Wijhe Marle
1%
Aa en Hunze Marwijksoord
1%
Eemsdelta Meedhuizen
1%
Oude IJsselstreek Megchelen
1%
Goeree-Overflakkee Melissant
1%
Venray Merselo
1%
Horst aan de Maas Meterik
1%
Noardeast-Fryslân Metslawier
1%
Westerkwartier Midwolde
1%
Leeuwarden Miedum
1%
Heerenveen Mildam
1%
Molenlanden Molenaarsgraaf
1%
Noardeast-Fryslân Munnekezijl
1%
Sittard-Geleen Munstergeleen
1%
Zaltbommel Nederhemert
1%
Leudal Neeritter
1%
Deurne Neerkant
1%
Oss Neerlangel
1%
Noardeast-Fryslân Niawier
1%
Westerkwartier Niebert
1%
Het Hogeland | Westerkwartier Niekerk
1%
Noordenveld Nietap
1%
Zaltbommel Nieuwaal
1%
Aa en Hunze Nieuw Annerveen
1%
Oldambt Nieuw Beerta
1%
Heerenveen Nieuwebrug
1%
Aa en Hunze Nieuwediep
1%
Hollands Kroon Nieuwe Niedorp
1%
Hoogeveen | Midden-Drenthe Nieuweroord
1%
Raalte Nieuw Heeten
1%
Molenlanden Nieuwpoort
1%
Noordenveld Nieuw-Roden
1%
Ooststellingwerf Nijeberkoop
1%
Weststellingwerf Nijeholtpade
1%
De Friese Meren Nijemirdum
1%
Westerveld Nijensleek
1%
Weststellingwerf Nijetrijne
1%
Aa en Hunze Nijlande
1%
Tietsjerksteradeel Noardburgum
1%
Hoogeveen Noordscheschut
1%
Coevorden Noord-Sleen
1%
Schouwen-Duiveland Noordwelle
1%
Wierden Notter
1%
Westerkwartier Nuis
1%
Sittard-Geleen Obbicht
1%
Súdwest-Fryslân Offingawier
1%
Beekdaelen Oirsbeek
1%
Deventer Okkenbroek
1%
Ooststellingwerf Oldeberkoop
1%
Weststellingwerf Oldeholtpade
1%
Weststellingwerf Oldelamer
1%
Steenwijkerland Oldemarkt
1%
De Friese Meren Oldeouwer
1%
Weststellingwerf Oldetrijne
1%
Opsterland Olterterp
1%
Stadskanaal Onstwedde
1%
Goeree-Overflakkee Ooltgensplaat
1%
Waadhoeke Oostbierum
1%
Drechterland Oosterblokker
1%
Schouwen-Duiveland Oosterland
1%
Noardeast-Fryslân Oosternijkerk
1%
De Friese Meren Oosterzee
1%
Edam-Volendam Oosthuizen
1%
Wormerland Oostknollendam
1%
Westerkwartier Opende
1%
Kaag en Braassem Oud Ade
1%
Aa en Hunze Oud Annerveen
1%
Borsele Oudelande
1%
Haarlemmermeer Oude Meer
1%
Koggenland Oudendijk
1%
Voorne aan Zee Oudenhoorn
1%
Kaag en Braassem Oude Wetering
1%
Dinkelland Oud Ootmarsum
1%
Noardeast-Fryslân Oudwoude
1%
De Friese Meren Ouwster-Nijega
1%
Oss Overlangel
1%
Noardeast-Fryslân Paessens
1%
Oudewater Papekop
1%
Súdwest-Fryslân Parrega
1%
Noordenveld Peest
1%
Berg en Dal Persingen
1%
Zaltbommel Poederoijen
1%
Súdwest-Fryslân Poppenwier
1%
Roerdalen Posterholt
1%
Hardenberg Radewijk
1%
Voerendaal Ransdaal
1%
Winterswijk Ratum
1%
Buren Ravenswaaij
1%
Leeuwarden Reduzum
1%
Gulpen-Wittem Reijmerstok
1%
Noardeast-Fryslân Reitsum
1%
Berkelland Rekken
1%
Lingewaard Ressen
1%
Tubbergen Reutum
1%
Waadhoeke Ried
1%
Noordenveld Roderesch
1%
Noordenveld Roderwolde
1%
De Friese Meren Rohel
1%
Echt-Susteren Roosteren
1%
De Friese Meren Rotstergaast
1%
De Friese Meren Ruigahuizen
1%
Edam-Volendam Schardam
1%
Súdwest-Fryslân Scharnegoutum
1%
De Friese Meren Scharsterbrug
1%
Koggenland Scharwoude
1%
Steenwijkerland Scheerwolde
1%
Tholen Scherpenisse
1%
Midden-Groningen Schildwolde
1%
Súdwest-Fryslân Sibrandabuorren
1%
Opsterland Siegerswoude
1%
Medemblik Sijbekarspel
1%
Oude IJsselstreek Sinderen
1%
Land van Cuijk Sint Agatha
1%
De Friese Meren Sintjohannesga
1%
Echt-Susteren Sint Joost
1%
Sluis Sint Kruis
1%
Schagen Sint Maartensbrug
1%
Schagen Sint Maartensvlotbrug
1%
Roerdalen Sint Odiliënberg
1%
Dijk en Waard Sint Pancras
1%
Hollands Kroon Slootdorp
1%
Venray Smakt
1%
Súdwest-Fryslân Smallebrugge
1%
Smallingerland Smalle Ee
1%
De Friese Meren Snikzwaag
1%
Cranendonck Soerendonk
1%
Goeree-Overflakkee Sommelsdijk
1%
De Friese Meren Sondel
1%
Weststellingwerf Sonnega
1%
Rheden Spankeren
1%
Waadhoeke Spannum
1%
Goeree-Overflakkee Stad aan 't Haringvliet
1%
Midden-Groningen Steendam
1%
Weststellingwerf Steggerda
1%
Montferland Stokkum
1%
Hoeksche Waard Strijensas
1%
Achtkarspelen Stroobos
1%
Tietsjerksteradeel Sumar
1%
Horst aan de Maas Swolgen
1%
Groningen Ten Post
1%
Westerwolde Ter Apelkanaal
1%
De Friese Meren Terherne
1%
De Friese Meren Terkaple
1%
Eemsdelta Termunten
1%
Coevorden 't Haantje
1%
Hoogeveen | Midden-Drenthe Tiendeveen *
1%
Súdwest-Fryslân Tirns
1%
Heerenveen Tjalleberd
1%
De Friese Meren Tjerkgaast
1%
Súdwest-Fryslân Tjerkwerd
1%
Bronckhorst Toldijk
1%
Eemsdelta Toornwerd
1%
Noardeast-Fryslân Triemen
1%
Midden-Groningen Tripscompagnie
1%
West Betuwe Tuil
1%
Schagen Tuitjenhorn
1%
Houten Tull en 't Waal
1%
Hollands Kroon 't Veld
1%
Achtkarspelen Twijzelerheide
1%
Medemblik Twisk
1%
Meerssen Ulestraten
1%
Het Hogeland Ulrum
1%
Oude IJsselstreek Varsselder
1%
Westerwolde Veelerveen
1%
Noardeast-Fryslân Veenklooster
1%
Heerde Veessen
1%
De Friese Meren Vegelinsoord
1%
Gennep Ven-Zelderheide
1%
Bronckhorst Vierakker
1%
Voorne aan Zee Vierpolders
1%
Krimpenerwaard Vlist
1%
Bernheze Vorstenbosch
1%
Aa en Hunze Vredenheim
1%
Venray Vredepeel
1%
Waadhoeke Vrouwenparochie
1%
Súdwest-Fryslân Waaksens
1%
Bodegraven-Reeuwijk Waarder
1%
Noardeast-Fryslân Waaxens
1%
Coevorden Wachtum
1%
Eemsdelta Wagenborgen
1%
Valkenburg aan de Geul Walem
1%
Edam-Volendam Warder
1%
Schagen Warmenhuizen
1%
Sluis Waterlandkerkje
1%
De Ronde Venen Waverveen
1%
Het Hogeland Wehe-Den Hoorn
1%
Emmen Weiteveen
1%
Apeldoorn Wenum-Wiesel
1%
Leeuwarden Wergea
1%
Oude IJsselstreek Westendorp
1%
Noardeast-Fryslân Westergeest
1%
Twenterand Westerhaar-Vriezenveensewijk
1%
Hollands Kroon Westerland
1%
Noordenveld Westervelde
1%
Alkmaar West-Graftdijk
1%
Zaanstad Westknollendam
1%
Steenwijkerland Wetering
1%
Hollands Kroon Wieringerwaard
1%
Noardeast-Fryslân Wierum
1%
De Friese Meren Wijckel
1%
Wormerland Wijdewormer
1%
Opsterland Wijnjewoude
1%
Westerveld Wilhelminaoord
1%
Steenwijkerland Willemsoord
1%
Tynaarlo Winde
1%
Ommen Witharen
1%
Westerveld Wittelte
1%
Súdwest-Fryslân Wiuwert
1%
Nieuwkoop Woerdense Verlaat
1%
Eemsdelta Woldendorp
1%
Súdwest-Fryslân Wons
1%
Leeuwarden Wytgaard
1%
Súdwest-Fryslân Ysbrechtum
1%
Het Hogeland Zandeweer
1%
Eemsdelta Zeerijp
1%
Assen Zeijerveld
1%
Borne Zenderen
1%
Vijfheerenlanden Zijderveld
1%
Schouwen-Duiveland Zonnemaire
1%
Terneuzen Zuiddorpe
1%
Waterland Zuiderwoude
1%
Alkmaar Zuidschermer
1%
Midden-Drenthe Zuidveld
1%
Sluis Zuidzande
1%
Voorne aan Zee Zwartewaal
1%
Coevorden Zwinderen
1%
De Friese Meren Akmarijp
0%
Leeuwarden Alde Leie
0%
Tietsjerksteradeel Aldtsjerk
0%
Beekdaelen Amstenrade
0%
Ouder-Amstel Amsterdam Duivendrecht
0%
Hardenberg Anerveen
0%
Hardenberg Anevelde
0%
Montferland Azewijn
0%
Waadhoeke Baaium
0%
Simpelveld Baneheide
0%
Lochem Barchem
0%
Hollands Kroon Barsingerhorn
0%
Leeuwarden Bears
0%
Apeldoorn Beemte-Broekland
0%
Haarlemmermeer Beinsdorp
0%
Zandvoort Bentveld
0%
Krimpenerwaard Berkenwoude
0%
Waadhoeke Berltsum
0%
Beekdaelen Bingelrade
0%
Waadhoeke Bitgum
0%
Waadhoeke Bitgummole
0%
Steenwijkerland Blankenham
0%
Haarlemmermeer Boesingheliede
0%
Weststellingwerf Boijl
0%
De Friese Meren Boornzwaag
0%
Eemsdelta Borgsweer
0%
Noardeast-Fryslân Bornwird
0%
Zeist Bosch en Duin
0%
Súdwest-Fryslân Breeanddijk
0%
Oude IJsselstreek Breedenbroek
0%
Wijdemeren Breukeleveen
0%
Súdwest-Fryslân Britswert
0%
Dantumadeel Broeksterwâld
0%
Midden-Drenthe Bruntinge
0%
Sittard-Geleen Buchten
0%
Schagen Burgerbrug
0%
Winterswijk Corle
0%
Súdwest-Fryslân Cornwerd
0%
Ommen Dalsmholte
0%
Súdwest-Fryslân Dedgum
0%
Dantumadeel De Falom
0%
Zaltbommel Delwijnen
0%
Heusden Doeveren
0%
De Friese Meren Doniaga
0%
Dantumadeel Driezum
0%
Eemsdelta Eenum
0%
De Friese Meren Eesterga
0%
Sittard-Geleen Einighausen
0%
Gulpen-Wittem Elkenrade
0%
Het Hogeland Eppenhuizen
0%
Berg en Dal Erlecom
0%
De Wolden | Midden-Drenthe Eursinge
0%
Súdwest-Fryslân Exmorra
0%
Westerkwartier Feerwerd
0%
Waadhoeke Firdgum
0%
Súdwest-Fryslân Folsgare
0%
Noardeast-Fryslân Foudgum
0%
Noordenveld Foxwolde
0%
Midden-Groningen Froombosch
0%
Midden-Drenthe Garminge
0%
Eemsdelta Garrelsweer
0%
Eemsdelta Garsthuizen
0%
Venray Geijsteren
0%
Zoeterwoude Gelderswoude
0%
Berkelland Gelselaar
0%
Noardeast-Fryslân Ginnum
0%
Eemsdelta Godlinze
0%
Smallingerland Goëngahuizen
0%
Hoeksche Waard Goudsewaard
0%
Leudal Grathem
0%
Súdwest-Fryslân Greonterp
0%
Horst aan de Maas Griendtsveen
0%
Horst aan de Maas Grubbenvorst
0%
Sittard-Geleen Guttecoven
0%
Noardeast-Fryslân Hantumhuizen
0%
Súdwest-Fryslân Hartwerd
0%
Heusden Hedikhuizen
0%
Noardeast-Fryslân Hegebeintum
0%
Leudal Heibloem
0%
Nissewaard Hekelingen
0%
Oudewater Hekendorp
0%
Koggenland Hensbroek
0%
Winterswijk Henxel
0%
Waadhoeke Herbaijum
0%
Goeree-Overflakkee Herkingen
0%
Heusden Herpt
0%
Borne Hertme
0%
Tubbergen Hezingen
0%
Súdwest-Fryslân Hidaard
0%
Súdwest-Fryslân Hinnaard
0%
Waadhoeke Hitzum
0%
Land van Cuijk Holthees
0%
Hardenberg Holtheme
0%
Hardenberg Holthone
0%
Overbetuwe Homoet
0%
Hardenberg Hoogenweg
0%
Het Hogeland Hornhuizen
0%
Eemsdelta Huizinge
0%
Leudal Hunsel
0%
Súdwest-Fryslân Idsegahuizum
0%
Súdwest-Fryslân Idzega
0%
Súdwest-Fryslân Iens
0%
Steenwijkerland Ijsselham
0%
Waadhoeke Ingelum
0%
Súdwest-Fryslân Itens
0%
Lopik Jaarsveld
0%
Beekdaelen Jabeek
0%
Leeuwarden Jellum
0%
Westerkwartier Jonkersvaart
0%
Noardeast-Fryslân Jouswier
0%
Hulst Kapelleburg
0%
Vijfheerenlanden Kedichem
0%
Bronckhorst Keijenborg
0%
Berg en Dal Kekerdom
0%
Midden-Groningen Kiel-Windeweer
0%
Zundert Klein Zundert
0%
Het Hogeland Kloosterburen
0%
Waadhoeke Klooster Lidlum
0%
Leeuwarden Koarnjum
0%
Midden-Groningen Kolham
0%
Westerkwartier Kommerzijl
0%
Echt-Susteren Koningsbosch
0%
Súdwest-Fryslân Kornwerderzand
0%
Súdwest-Fryslân Koufurderrige
0%
Eemsdelta Krewerd
0%
Lochem Kring van Dorth
0%
Hulst Kuitaart
0%
Ooststellingwerf Langedijke
0%
Weststellingwerf Langelille
0%
Westerkwartier Lauwerzijl
0%
Eemsdelta Leermens
0%
De Friese Meren Legemeer
0%
Leeuwarden Lekkum
0%
Groningen Lellens
0%
Deventer Lettele
0%
Noordenveld Leutingewolde
0%
Noardeast-Fryslân Lichtaard
0%
Raalte Lierderholthuis
0%
Súdwest-Fryslân Loënga
0%
Súdwest-Fryslân Lollum
0%
Súdwest-Fryslân Longerhouw
0%
Hardenberg Loozen
0%
Eemsdelta Losdorp
0%
Westerkwartier Lucaswolde
0%
Midden-Groningen Luddeweer
0%
Súdwest-Fryslân Lytsewierrum
0%
Steenwijkerland Marijenkampen
0%
Alkmaar Markenbinnen
0%
Noordenveld Matsloot
0%
Groningen Meerstad
0%
Altena Meeuwen
0%
Roerdalen Melick
0%
Het Hogeland Mensingerweer
0%
Beekdaelen Merkelbeek
0%
Waadhoeke Minnertsga
0%
De Friese Meren Mirns
0%
Winterswijk Miste
0%
Meerssen Moorveld
0%
Noardeast-Fryslân Morra
0%
Tietsjerksteradeel Mûnein
0%
Weststellingwerf Munnekeburen
0%
Nederweert Nederweert-Eind
0%
Oude IJsselstreek Netterden
0%
Westerkwartier Niehoeve
0%
Middelburg Nieuw- en Sint Joosland
0%
Bodegraven-Reeuwijk Nieuwerbrug aan den Rijn
0%
Stichtse Vecht Nieuwersluis
0%
Stichtse Vecht Nieuwer ter Aa
0%
Kaag en Braassem Nieuwe Wetering
0%
Oldambt Nieuw Scheemda
0%
Emmen Nieuw-Schoonebeek
0%
Emmen Nieuw-Weerdinge
0%
Westerkwartier Niezijl
0%
Waadhoeke Nij Altoenae
0%
Voorst Nijbroek
0%
Weststellingwerf Nijeholtwolde
0%
Weststellingwerf Nijelamer
0%
Súdwest-Fryslân Nijhuizum
0%
Schouwen-Duiveland Noordgouwe
0%
Leudal Nunhem
0%
Tietsjerksteradeel Oentsjerk
0%
Bronckhorst Olburgen
0%
Weststellingwerf Oldeholtwolde
0%
Westerkwartier Oldekerk
0%
Het Hogeland Oldenzijl
0%
Het Hogeland Onderdendam
0%
Steenwijkerland Onna
0%
Drechterland Oosterleek
0%
Het Hogeland Oosternieland
0%
Weststellingwerf Oosterstreek
0%
Eemsdelta Oosterwijtwerd
0%
Alkmaar Oost-Graftdijk
0%
Súdwest-Fryslân Oosthem
0%
Súdwest-Fryslân Oppenhuizen
0%
Vijfheerenlanden Ossenwaard
0%
Alkmaar Oterleek
0%
Waadhoeke Oudebildtzijl
0%
Hollands Kroon Oude Niedorp
0%
Het Hogeland Oudeschip
0%
Oldambt Oudezijl
0%
Stichtse Vecht Oud Zuilen
0%
De Friese Meren Ouwsterhaule
0%
Midden-Groningen Overschild
0%
Terneuzen Overslag
0%
Sittard-Geleen Papenhoven
0%
Waadhoeke Peins
0%
Weststellingwerf Peperga
0%
Súdwest-Fryslân Piaam
0%
Waadhoeke Pietersbierum
0%
Westerkwartier Pieterzijl
0%
Beekdaelen Puth
0%
Noardeast-Fryslân Raard
0%
Het Hogeland Rasquert
0%
Ooststellingwerf Ravenswoud
0%
Dantumadeel Readtsjerk
0%
Súdwest-Fryslân Reahûs
0%
Kampen Reeve
0%
Súdwest-Fryslân Rien
0%
Land van Cuijk Rijkevoort-De Walsert
0%
Kaag en Braassem Rijnsaterwoude
0%
Kaag en Braassem Rijpwetering
0%
Haarlemmermeer Rijsenhout
0%
Dantumadeel Rinsumageast
0%
Vlissingen Ritthem
0%
Emmen Roswinkel
0%
De Friese Meren Rotsterhaule
0%
Albrandswaard Rotterdam-Albrandswaard
0%
West Betuwe Rumpt
0%
Tietsjerksteradeel Ryptsjerk
0%
Het Hogeland Saaxumhuizen
0%
Súdwest-Fryslân Sandfirden
0%
Waadhoeke Schalsum
0%
Midden-Groningen Scharmer
0%
Drechterland Schellinkhout
0%
Súdwest-Fryslân Schettens
0%
Eijsden-Margraten Scheulder
0%
Sluis Schoondijke
0%
Het Hogeland Schouwerzijl
0%
Súdwest-Fryslân Schraard
0%
Westerkwartier Sebaldeburen
0%
Dantumadeel Sibrandahûs
0%
Nissewaard Simonshaven
0%
Groningen Sint Annen
0%
Eijsden-Margraten Sint Geertruid
0%
Schouwen-Duiveland Sirjansland
0%
Waadhoeke Skingen
0%
Waadhoeke Slappeterp
0%
Weststellingwerf Slijkenburg
0%
Leeuwarden Snakkerburen
0%
Oudewater Snelrewaard
0%
Weststellingwerf Spanga
0%
Koggenland Spierdijk
0%
Terneuzen Spui
0%
Alkmaar Starnmeer
0%
Eemsdelta | Het Hogeland Startenhuizen *
0%
Voorst Steenenkamer
0%
Venlo Steyl
0%
Het Hogeland Stitswerd
0%
Waadhoeke St.-Jacobiparochie
0%
Amersfoort Stoutenburg Noord
0%
Terschelling Striep
0%
Alphen-Chaam Strijbeek
0%
Achtkarspelen Surhuizum
0%
Tietsjerksteradeel Suwâld
0%
Beekdaelen Sweikhuizen
0%
Leeuwarden Swichum
0%
Leeuwarden Teerns
0%
Heerenveen Terband
0%
Hulst Terhole
0%
Weststellingwerf Ter Idzard
0%
Eemsdelta Termunterzijl
0%
De Friese Meren Teroele
0%
Súdwest-Fryslân Tersoal
0%
Groningen Thesinge
0%
Vijfheerenlanden Tienhoven aan de Lek
0%
Dinkelland Tilligte
0%
Het Hogeland Tinallinge
0%
Voorne aan Zee Tinte
0%
Súdwest-Fryslân Tjalhuizum
0%
Midden-Groningen Tjuchem
0%
Brummen Tonden
0%
Oldambt 't Waar
0%
Eemsdelta 't Zandt
0%
Altena Uitwijk
0%
Hardenberg Venebrugge
0%
Montferland Vethuizen
0%
Weststellingwerf Vinkega
0%
Ommen Vinkenbuurt
0%
Westerkwartier Visvliet
0%
Rotterdam Vondelingenplaat
0%
Heerde Vorchten
0%
Oost Gelre Vragender
0%
Westerwolde Vriescheloo
0%
Nieuwkoop Vrouwenakker
0%
Altena Waardhuizen
0%
Schagen Waarland
0%
Hulst Walsoorden
0%
Dantumadeel Wâlterswâld
0%
Noardeast-Fryslân Wânswert
0%
Het Hogeland Warfhuizen
0%
Noardeast-Fryslân Warfstermolen
0%
Leeuwarden Wartsiens
0%
Ooststellingwerf Waskemeer
0%
Waterland Watergang
0%
Midden-Groningen Waterhuizen
0%
Leeuwarden Weidum
0%
Olst-Wijhe Welsum
0%
Eemsdelta Westeremden
0%
Oldambt Westerlee
0%
Het Hogeland Westernieland
0%
Eemsdelta Westerwijtwerd
0%
Súdwest-Fryslân Westhem
0%
Haarlemmermeer Weteringbrug
0%
Noardeast-Fryslân Wetsens
0%
Het Hogeland Wetsinge
0%
Drechterland Wijdenes
0%
Beekdaelen Wijnandsrade
0%
Montferland Wijnbergen
0%
Sittard-Geleen Windraak
0%
Groningen Winneweer
0%
Waadhoeke Wjelsryp
0%
Súdwest-Fryslân Wolsum
0%
Groningen Woltersum
0%
Kaag en Braassem Woubrugge
0%
Midden-Groningen Woudbloem
0%
Tietsjerksteradeel Wyns
0%
Súdwest-Fryslân Ypecolsga
0%
Weststellingwerf Zandhuizen
0%
Emmen Zandpol
0%
Hollands Kroon Zijdewind
0%
Eemsdelta Zijldijk
0%
Koggenland Zuidermeer
0%
Steenwijkerland Zuidveen
0%
Noordenveld Zuidvelde
0%
Het Hogeland Zuurdijk
0%
Haarlemmermeer Zwaanshoek
0%
Noardeast-Fryslân Zwagerbosch
0%
Waadhoeke Zweins
0%
Geen overeenkomende quizzen gevonden
Scoreverdeling
Procent van Mensen met Elke Score
Percentiel versus Aantal Correcte Antwoorden
Uw Scoregeschiedenis
U heeft deze quiz nog niet genomen